Statistics for Runic Alphabet

Click here to take the quiz!

General Stats

  • This quiz has been taken 88 times
  • The average score is 15 of 24

Answer Stats

RunesLatin% Correct
f
85%
r
81%
b
76%
ᚺ ᚻh
74%
u
74%
i
70%
m
70%
k/c
67%
t
67%
a
65%
e
59%
g
59%
n
59%
þ
59%
j
57%
o
57%
w
57%
l
56%
ᛊ ᛋs
54%
d
52%
p
50%
ï/æ
46%
z
46%
ᛜ ᛝŋ
43%

Score Distribution

Percentile by Number Answered

Percent of People with Each Score

Your Score History

You have not taken this quiz